Editorial (Registro nro. 22947)

Detalles MARC
000 -CABECERA
campo de control de longitud fija 00476nab a2200205 a 4500
001 - NÚMERO DE CONTROL
campo de control 22947
003 - IDENTIFICADOR DEL NÚMERO DE CONTROL
campo de control 73952
005 - FECHA Y HORA DE LA ÚLTIMA TRANSACCIÓN
campo de control 20201118100254.0
008 - DATOS DE LONGITUD FIJA--INFORMACIÓN GENERAL
campo de control de longitud fija ||||||n9999 ||| || ||
100 ## - ENTRADA PRINCIPAL--NOMBRE DE PERSONA
Nombre de persona Martínez Ortiz, Astrid
245 #0 - MENCIÓN DE TÍTULO
Título Editorial
300 ## - DESCRIPCIÓN FÍSICA
Extensión pp. 5-8
562 ## - NOTA DE IDENTIFICACIÓN DE LA COPIA Y VERSIÓN
Número de copias 0
650 ## - PUNTO DE ACCESO ADICIONAL DE MATERIA--TÉRMINO DE MATERIA
Término de materia o nombre geográfico como elemento de entrada COMENTARIO EDITORIAL
650 ## - PUNTO DE ACCESO ADICIONAL DE MATERIA--TÉRMINO DE MATERIA
Término de materia o nombre geográfico como elemento de entrada CREDITO BANCARIO
650 ## - PUNTO DE ACCESO ADICIONAL DE MATERIA--TÉRMINO DE MATERIA
Término de materia o nombre geográfico como elemento de entrada ENCAJE
650 ## - PUNTO DE ACCESO ADICIONAL DE MATERIA--TÉRMINO DE MATERIA
Término de materia o nombre geográfico como elemento de entrada TASAS DE INTERES
773 ## - ENLACE AL DOCUMENTO FUENTE/ENTRADA DE REGISTRO ANFITRIÓN
Número bibliográfico anfitrión 22946
Encabezamiento principal Banca & Finanzas - No.28
942 ## - ELEMENTOS DE PUNTO DE ACCESO ADICIONAL (KOHA)
Tipo de ítem Koha Artículo de Revista

No hay ítems disponibles.